000 00574nam a22001817a 4500
005 20251108164310.0
008 250721s1993 xx 000 0 ara d
082 1 4 _a380.09565/صيا
100 1 _aصيام، يوسف مصطفى
245 1 0 _aتطور وسائط النقل في الأردن 1900 - 1988 /
264 1 _aعمان :
_bلجنة تاريخ الأردن،
_c1993.
300 _a100ص.
490 0 _aسلسلة الكتاب الأم في تاريخ الأردن ؛ 10
650 1 7 _aالنقل
650 1 7 _aالأردن
942 _2ddc
_cBK
999 _c8686
_d8686